| 000 | 00656nam a2200241 4500 | ||
|---|---|---|---|
| 003 | MX-MxINE | ||
| 005 | 20260530113919.0 | ||
| 008 | 260509t2020 ko a|||| |||| 00| 0 eng d | ||
| 040 |
_aMX-MxINE _bspa _cMX-MxINE _erda |
||
| 041 | _aeng | ||
| 050 |
_aTK7872.C6 _bD45 |
||
| 100 | _eautor | ||
| 245 | _aDigitalgate | ||
| 264 |
_aKorea : _bLG, _c2020 |
||
| 300 |
_avolumen : _bilustraciones |
||
| 336 |
_2rdacontent _atexto |
||
| 337 |
_2rdamedia _asin medio |
||
| 338 |
_2rdacarrier _avolumen |
||
| 650 | 4 |
_aTecnología digital _934391 |
|
| 650 | 4 |
_aInnovaciones tecnológicas _934392 |
|
| 650 | 4 |
_aLG Electronics _xCatálogos _934393 |
|
| 942 |
_2lcc _n0 _cBK |
||
| 999 |
_c12373 _d12373 |
||